000 00294nam a22001337a 4500
008 210527b ||||| |||| 00| 0 eng d
041 _aeng
080 _23rd
_a611
082 _a611
100 _a6
101 _aANA
245 _aBasic Physiology and Anatomy
_cChaffee,E.E
942 _2udc
_cBK
999 _c57674
_d57674